[Event "Ladder 1"]
[Site "Gatineau CAN"]
[Date "2021.12.07"]
[Round "4"]
[White "Seguin, Hubert"]
[Black "MacIsaac, Alexandre"]
[Result "1/2-1/2"]
[WhiteElo "1663"]
[BlackElo "1574"]
[PlyCount "97"]
[EventDate "2021.11.16"]
[EventType "swiss"]
[EventRounds "5"]
[EventCountry "CAN"]

1. e4 c5 2. Nc3 Nc6 3. g3 d6 4. Bg2 Nf6 5. f4 Bg4 6. Nf3 Qd7 7. d3 h5 8. h3 h4
9. hxg4 Qxg4 10. Qe2 h3 11. Bf1 Nb4 12. Nh2 Qxg3+ 13. Kd1 Nc6 14. Qf3 Qh4 15.
Ne2 g5 16. fxg5 Ne5 17. Qg3 Nfg4 18. Qxh4 Rxh4 19. Nxg4 Nxg4 20. Ke1 h2 21. Bf4
Bg7 22. c3 Kd7 23. Bg3 Rhh8 24. Kd2 Be5 25. Bxe5 Nxe5 26. Bg2 Rag8 27. Raf1
Rxg5 28. Nf4 Rg3 29. Rf2 Ng4 30. Re2 Rh4 31. Nd5 e6 32. Ne3 Nxe3 33. Rxe3 Rxg2+
34. Re2 Rxe2+ 35. Kxe2 d5 36. exd5 exd5 37. Kf2 Ke6 38. Kg3 Rh7 39. Rxh2 Rxh2
40. Kxh2 Ke5 41. Kg3 b5 42. Kf3 d4 43. c4 b4 44. Kg3 Kf5 45. Kf3 Ke5 46. Kg4
f5+ 47. Kf3 f4 48. Kg4 a6 49. a4 1/2-1/2

[Event "Ladder 1"]
[Site "Gatineau CAN"]
[Date "2021.12.07"]
[Round "4"]
[White "Simchowitz, Yves"]
[Black "Bourbonnais, Luc"]
[Result "0-1"]
[WhiteElo "1450"]
[BlackElo "1450"]
[PlyCount "64"]
[EventDate "2021.11.16"]
[EventType "swiss"]
[EventRounds "5"]
[EventCountry "CAN"]

1. e4 c6 2. d4 d5 3. Bf4 dxe4 4. Nc3 Nf6 5. Bg5 Nbd7 6. Bc4 h6 7. Bh4 e6 8.
Nxe4 Bd6 9. Nf3 Qc7 10. Qe2 Nh5 11. g3 g5 12. Nexg5 hxg5 13. Nxg5 Ndf6 14. O-O
Qe7 15. Qf3 Ng7 16. Ne4 Rxh4 17. gxh4 Nxe4 18. Qxe4 Nf5 19. f3 Bd7 20. Rf2
O-O-O 21. Rg2 Nxh4 22. Rg4 Ng6 23. Kh1 f5 24. Qd3 fxg4 25. Qxg6 gxf3 26. Rf1
Rf8 27. Qd3 Qh4 28. Qd2 Rh8 29. Rf2 Bg3 30. Rxf3 Bxh2 31. Qg2 Bd6+ 32. Kg1
Qxd4+ 0-1

[Event "Ladder 1"]
[Site "Gatineau CAN"]
[Date "2021.12.07"]
[Round "4"]
[White "Villeneuve, Denis"]
[Black "Raymond, Daniel"]
[Result "1-0"]
[WhiteElo "1779"]
[BlackElo "1935"]
[PlyCount "113"]
[EventDate "2021.11.16"]
[EventType "swiss"]
[EventRounds "5"]
[EventCountry "CAN"]

1. e4 c5 2. Nf3 Nc6 3. c3 e6 4. d4 d5 5. e5 cxd4 6. cxd4 Bb4+ 7. Nc3 Nge7 8.
Bd3 Ba5 9. O-O a6 10. a3 Bb6 11. Be3 Ng6 12. b4 Nce7 13. Rc1 Bd7 14. Re1 Ba7
15. h4 Nc8 16. h5 Nge7 17. h6 g6 18. Bg5 b5 19. Bf6 Rg8 20. Bb1 Qb6 21. Ne2 Nf5
22. Bxf5 gxf5 23. Ng5 Rg6 24. Bg7 Rxg5 25. Bf6 Rg6 26. Qd2 Qb7 27. Nf4 Rg8 28.
Bg7 Nb6 29. Nh5 Nc4 30. Qg5 Bxd4 31. Nf6+ Kd8 32. Nxd5+ Kc8 33. Ne7+ Kc7 34.
Nxg8 Rxg8 35. Qe7 Kb6 36. Rxc4 bxc4 37. Qd6+ Qc6 38. Qxd4+ Kb5 39. Rc1 Rc8 40.
Qc3 Qd5 41. a4+ Kb6 42. Qe3+ Kb7 43. a5 Qb5 44. Qc3 Qd5 45. Qe3 Qb5 46. Qc3 Ka8
47. Rd1 Bc6 48. Rd6 Bd5 49. Rb6 Qa4 50. Rxa6+ Kb7 51. Rb6+ Kc7 52. Qd4 Kd7 53.
Rd6+ Ke8 54. Qa7 Qd1+ 55. Kh2 Qh5+ 56. Kg1 Qg4 57. Qd7# 1-0

[Event "Ladder 1"]
[Site "Gatineau CAN"]
[Date "2021.12.16"]
[Round "5"]
[White "Brault, Jean-Francois"]
[Black "Bastien, Andre"]
[Result "0-1"]
[WhiteElo "1667"]
[BlackElo "1754"]
[PlyCount "42"]
[EventDate "2021.11.16"]
[EventType "swiss"]
[EventRounds "5"]
[EventCountry "CAN"]

1. e4 c5 2. Nf3 e6 3. c3 Nc6 4. d4 d5 5. Bb5 dxe4 6. Ne5 Nge7 7. Bxc6+ Nxc6 8.
Nxc6 bxc6 9. Be3 Ba6 10. Nd2 Bd3 11. dxc5 Qd5 12. Qa4 Be7 13. O-O-O O-O 14. b4
a5 15. Qb3 axb4 16. c4 Qe5 17. Qb2 Qxb2+ 18. Kxb2 Bf6+ 19. Kb3 Ra3+ 20. Kxb4
Rfa8 21. Nxe4 R8a4# 0-1

[Event "Ladder 1"]
[Site "Gatineau CAN"]
[Date "2021.12.16"]
[Round "5"]
[White "Fiset, Anais Chloe"]
[Black "Fang, Zhou"]
[Result "0-1"]
[WhiteElo "2000"]
[BlackElo "2100"]
[PlyCount "100"]
[EventDate "2021.11.16"]
[EventType "swiss"]
[EventRounds "5"]
[EventCountry "CAN"]

1. e4 c5 2. Nf3 Nc6 3. Bb5 g6 4. O-O Bg7 5. c3 e5 6. d4 cxd4 7. cxd4 Nxd4 8.
Nxd4 exd4 9. Bf4 a6 10. Bc4 Ne7 11. Nd2 b5 12. Bb3 d6 13. Nf3 Bg4 14. Bxf7+ Kf8
15. Bb3 h6 16. h3 Bxf3 17. Qxf3 Ke8 18. Qg3 h5 19. Bxd6 h4 20. Qf4 Rf8 21. Qh2
Qb6 22. Bxe7 Kxe7 23. Rac1 Ra7 24. Bd5 Qb8 25. Qxb8 Rxb8 26. Rfd1 Rd8 27. Rc6
Rd6 28. f4 Rxc6 29. Bxc6 Rc7 30. Bd5 Bh6 31. Rxd4 Bxf4 32. Rd1 Rc2 33. Rb1 Be3+
34. Kh1 Bd4 35. Bb7 a5 36. Ba6 b4 37. Bd3 Rxb2 38. Rxb2 Bxb2 39. Kg1 Kd6 40.
Kf2 Kc5 41. Ke2 a4 42. Bc2 b3 43. axb3 a3 44. Bb1 Kb4 45. Ba2 Kc3 46. Kd1 Kd3
47. Bb1+ Ke3 48. Ke1 Bc3+ 49. Kf1 Kd2 50. Kf2 Kc1 0-1

[Event "Ladder 1"]
[Site "Gatineau CAN"]
[Date "2021.12.16"]
[Round "5"]
[White "MacIsaac, Alexandre"]
[Black "Bourbonnais, Luc"]
[Result "1-0"]
[WhiteElo "1574"]
[BlackElo "1450"]
[PlyCount "55"]
[EventDate "2021.11.16"]
[EventType "swiss"]
[EventRounds "5"]
[EventCountry "CAN"]

1. e4 c6 2. d4 d5 3. exd5 cxd5 4. c4 Nf6 5. Nc3 Bf5 6. Qb3 b6 7. cxd5 g6 8.
Bb5+ Nbd7 9. h3 h5 10. Bc6 Rc8 11. Qa4 Bg7 12. Bf4 O-O 13. Bb7 e5 14. dxe6 Bxe6
15. Bxc8 Qxc8 16. Nf3 Qb7 17. O-O a6 18. Qd1 Nd5 19. Nxd5 Bxd5 20. Rc1 Bxa2 21.
Rc7 Qd5 22. Qa4 Nb8 23. Rfc1 b5 24. Qa3 Qe6 25. Re7 Qd5 26. Rc5 Qb3 27. Qxb3
Bxb3 28. Rb7 1-0

[Event "Ladder 1"]
[Site "Gatineau CAN"]
[Date "2021.12.16"]
[Round "5"]
[White "Raymond, Daniel"]
[Black "Villeneuve, Denis"]
[Result "1-0"]
[WhiteElo "1935"]
[BlackElo "1779"]
[PlyCount "130"]
[EventDate "2021.11.16"]
[EventType "swiss"]
[EventRounds "5"]
[EventCountry "CAN"]

1. e4 d6 2. d4 Nd7 3. Nc3 e5 4. Nf3 c6 5. Bc4 Be7 6. O-O Ngf6 7. Re1 O-O 8. Bb3
Qc7 9. a4 h6 10. h3 Rd8 11. Be3 Nf8 12. d5 Bd7 13. Nd2 g5 14. Qf3 Ng6 15. Nf1
Rf8 16. Rad1 Nh4 17. Qe2 Qc8 18. g3 Ng6 19. h4 Ng4 20. hxg5 Nxe3 21. Nxe3 Bxg5
22. dxc6 Qxc6 23. Ned5 Rad8 24. Qf3 Kg7 25. Ne3 Be6 26. Nf5+ Bxf5 27. Qxf5 Ne7
28. Qg4 Ng6 29. Bd5 Qd7 30. Qxd7 Rxd7 31. Bb3 Ne7 32. Nb5 Nc8 33. Rd3 a6 34.
Na3 Rfd8 35. a5 b5 36. c3 Ne7 37. Bd5 Nxd5 38. Rxd5 Kg6 39. Nc2 f5 40. exf5+
Kxf5 41. Nb4 Ra8 42. Red1 Ke6 43. Kg2 Bd8 44. Nc6 Bf6 45. Kh3 Rc8 46. Nb4 Ra8
47. Kg4 h5+ 48. Kf3 h4 49. g4 Bg5 50. Nc6 Bf4 51. Nb4 h3 52. R5d3 h2 53. Nd5
Rf8 54. Kg2 Rg8 55. f3 Rf8 56. Rh1 Rh7 57. Nxf4+ Rxf4 58. Rxh2 Rxh2+ 59. Kxh2
d5 60. Kg3 Kd6 61. b4 Rc4 62. Kf2 e4 63. fxe4 Rxe4 64. Rd4 Ke5 65. Rxe4+ Kxe4
1-0

[Event "Ladder 1"]
[Site "Gatineau CAN"]
[Date "2021.12.16"]
[Round "5"]
[White "Rioux, Jocelyn"]
[Black "Desjardins, Michel"]
[Result "0-1"]
[WhiteElo "1617"]
[BlackElo "1833"]
[PlyCount "64"]
[EventDate "2021.11.16"]
[EventType "swiss"]
[EventRounds "5"]
[EventCountry "CAN"]

1. d4 g6 2. Bf4 Bg7 3. Nc3 c5 4. e3 cxd4 5. exd4 Nf6 6. Qd2 a6 7. Bh6 O-O 8. h4
Bxh6 9. Qxh6 Ng4 10. Qd2 h5 11. f3 Nf6 12. Qh6 d5 13. Bd3 Qd6 14. Nge2 Bf5 15.
Bxf5 gxf5 16. Qg5+ Kh8 17. Qxf5 Rg8 18. O-O-O Nbd7 19. Rdg1 Rg7 20. g3 Rag8 21.
Rg2 e6 22. Qh3 e5 23. Rhg1 e4 24. fxe4 dxe4 25. Nd1 Ng4 26. c3 Ndf6 27. Nf4 b5
28. Nf2 Ne3 29. Nxe4 Nxe4 30. Re2 Qxf4 31. Rge1 Rxg3 32. Qh2 Nf1+ 0-1

[Event "Ladder 1"]
[Site "Gatineau CAN"]
[Date "2021.12.16"]
[Round "5"]
[White "Simchowitz, Yves"]
[Black "Godbout, Elliott"]
[Result "0-1"]
[WhiteElo "1450"]
[BlackElo "1432"]
[PlyCount "60"]
[EventDate "2021.11.16"]
[EventType "swiss"]
[EventRounds "5"]
[EventCountry "CAN"]

1. e4 e5 2. d4 exd4 3. Qxd4 Nc6 4. Qa4 Bc5 5. c3 d6 6. Bd3 Bd7 7. Bb5 a6 8. Be2
Nf6 9. Nf3 O-O 10. O-O Nd4 11. Qd1 Nxe2+ 12. Qxe2 Bc6 13. Bg5 Bxe4 14. Qxe4
Nxe4 15. Bxd8 Raxd8 16. b4 Ba7 17. a4 Rfe8 18. c4 c6 19. g3 Re6 20. Kg2 h6 21.
h4 Nf6 22. Nbd2 Ng4 23. Nb3 Re2 24. Na5 Ne3+ 25. Kg1 Nxf1 26. Kxf1 Rxf2+ 27.
Ke1 Rxf3 28. Nxb7 Rd7 29. Na5 Rxg3 30. Kf1 Rg1+ 0-1

[Event "Ladder 1 U1400"]
[Site "Gatineau CAN"]
[Date "2021.11.16"]
[Round "1"]
[White "Albert, Michel"]
[Black "Lamere, Mathis"]
[Result "1-0"]
[WhiteElo "998"]
[BlackElo "947"]
[PlyCount "65"]
[EventDate "2021.11.16"]
[EventType "swiss"]
[EventRounds "5"]
[EventCountry "CAN"]

1. d4 d5 2. Bf4 Nf6 3. Nf3 Nc6 4. c3 Bf5 5. e3 e6 6. Nbd2 Ng4 7. h3 Nf6 8. Be2
Bd6 9. Bh2 Be4 10. Nh4 g5 11. f3 gxh4 12. fxe4 dxe4 13. Bc4 Qe7 14. Qc2 Bxh2
15. Rxh2 Qd6 16. Rh1 Qg3+ 17. Kd1 Qxg2 18. Rf1 Na5 19. Qa4+ Nd7 20. Qxa5 Nb6
21. Bb3 O-O-O 22. Qxa7 Qxh3 23. Re1 Qg4+ 24. Kc2 h3 25. Rh1 Rhg8 26. Nf1 Qg2+
27. Nd2 Rg3 28. Rag1 Qf2 29. Rf1 Qxe3 30. Rxf7 Qd3+ 31. Kc1 e5 32. Be6+ Rd7 33.
Rf8# 1-0

[Event "Ladder 1 U1400"]
[Site "Gatineau CAN"]
[Date "2021.11.16"]
[Round "1"]
[White "Arcand, Pierre"]
[Black "Simchowitz, Wladimir"]
[Result "0-1"]
[WhiteElo "1308"]
[BlackElo "1200"]
[PlyCount "84"]
[EventDate "2021.11.16"]
[EventType "swiss"]
[EventRounds "5"]
[EventCountry "CAN"]

1. e4 d6 2. Nf3 c6 3. Nc3 Nf6 4. h3 g6 5. d4 Bg7 6. e5 dxe5 7. dxe5 Qxd1+ 8.
Nxd1 Ne4 9. Bd3 Nc5 10. O-O Bf5 11. Bxf5 gxf5 12. Re1 O-O 13. Nc3 Nbd7 14. Bf4
f6 15. e6 Ne5 16. Nh4 Nxe6 17. Nxf5 Nxf4 18. Nxe7+ Kf7 19. Nf5 Rad8 20. Ne4 Kg6
21. Neg3 Rd2 22. Rac1 Rfd8 23. Nxg7 Kxg7 24. Ne4 R8d4 25. Nxd2 Rxd2 26. Re4
Ne2+ 27. Rxe2 Rxe2 28. Kf1 Rd2 29. Ke1 Rd5 30. Ke2 c5 31. c4 Rd4 32. Rc3 Re4+
33. Kf1 Nxc4 34. b3 Nd2+ 35. Kg1 Re1+ 36. Kh2 Ne4 37. Rc4 Kg6 38. f3 Nf2 39.
Rxc5 Kh6 40. Rc7 Kg5 41. Rxh7 Kf4 42. Rf7 Rh1# 0-1

[Event "Ladder 1 U1400"]
[Site "Gatineau CAN"]
[Date "2021.11.16"]
[Round "1"]
[White "Fong, David"]
[Black "Babchenko, Lev"]
[Result "1-0"]
[WhiteElo "944"]
[BlackElo "799"]
[PlyCount "59"]
[EventDate "2021.11.16"]
[EventType "swiss"]
[EventRounds "5"]
[EventCountry "CAN"]

1. e4 d5 2. f3 dxe4 3. fxe4 e5 4. Qh5 Nf6 5. Qxe5+ Qe7 6. Qf4 Qxe4+ 7. Ne2 Qxf4
8. Nxf4 Nc6 9. Bb5 Bd7 10. O-O Nd4 11. Bxd7+ Nxd7 12. Na3 Bxa3 13. bxa3 Nxc2
14. Rb1 O-O-O 15. Bb2 Rhg8 16. Rbc1 g5 17. Nd5 Rge8 18. Rxc2 c6 19. Nb4 a5 20.
Nd3 f6 21. a4 Ne5 22. Nc5 Nd3 23. Bxf6 Rd6 24. Bxg5 Nxc5 25. Rxc5 Rxd2 26. Bxd2
Re4 27. Rxa5 b6 28. Ra7 h6 29. Rf8+ Re8 30. Rxe8# 1-0

[Event "Ladder 1 U1400"]
[Site "Gatineau CAN"]
[Date "2021.11.16"]
[Round "1"]
[White "Lavoie-Imelbaev, Damir"]
[Black "Lasalle, Eliott"]
[Result "1-0"]
[WhiteElo "987"]
[BlackElo "1005"]
[PlyCount "47"]
[EventDate "2021.11.16"]
[EventType "swiss"]
[EventRounds "5"]
[EventCountry "CAN"]

1. d4 d5 2. Bf4 f5 3. Nf3 e6 4. h3 Nc6 5. e3 Nf6 6. Bd3 Bd6 7. Nbd2 Ne4 8. O-O
Nxd2 9. Qxd2 Qe7 10. Bb5 e5 11. Nxe5 Bd7 12. Nxd7 Qxd7 13. Rae1 Bxf4 14. exf4+
Kf7 15. Re5 a6 16. Bxc6 Qxc6 17. Rxf5+ Ke6 18. Re5+ Kf7 19. Rfe1 Rhe8 20. c3 b5
21. a3 Qb6 22. Qe3 Rxe5 23. Qxe5 Re8 24. Qxe8+ 1-0

[Event "Ladder 1 U1400"]
[Site "Gatineau CAN"]
[Date "2021.11.16"]
[Round "1"]
[White "Paquette, Simon"]
[Black "Vachon, Jean-Clement"]
[Result "1-0"]
[WhiteElo "1103"]
[BlackElo "1114"]
[PlyCount "53"]
[EventDate "2021.11.16"]
[EventType "swiss"]
[EventRounds "5"]
[EventCountry "CAN"]

1. e4 d5 2. exd5 Nf6 3. Nc3 Nxd5 4. g3 Nxc3 5. bxc3 Nc6 6. Bg2 Bf5 7. d4 e6 8.
Ne2 Bd6 9. O-O O-O 10. d5 exd5 11. Bxd5 Bh3 12. Re1 Qf6 13. Nf4 Bxf4 14. Bxf4
Rac8 15. a3 Rfd8 16. Qh5 g6 17. Qxh3 Qxc3 18. a4 Qa5 19. Bxc6 bxc6 20. Qg2 Qc3
21. a5 Re8 22. Rxe8+ Rxe8 23. Qf1 Re7 24. h4 Qxc2 25. Re1 Rd7 26. Bh6 Qa4 27.
Re8# 1-0

[Event "Ladder 1 U1400"]
[Site "Gatineau CAN"]
[Date "2021.11.16"]
[Round "1"]
[White "Rioux, Dany"]
[Black "Fiset, Daniel"]
[Result "0-1"]
[WhiteElo "1157"]
[BlackElo "1279"]
[PlyCount "76"]
[EventDate "2021.11.16"]
[EventType "swiss"]
[EventRounds "5"]
[EventCountry "CAN"]

1. e4 d5 2. Nc3 d4 3. Nb5 e5 4. Nf3 Bg4 5. Be2 Nf6 6. d3 Be7 7. Nxe5 Bxe2 8.
Qxe2 c6 9. Na3 Qa5+ 10. Bd2 Qxe5 11. O-O Bd6 12. g3 O-O 13. Nc4 Qe7 14. Nxd6
Qxd6 15. Qe1 Nbd7 16. Bb4 c5 17. Bd2 Rfe8 18. Bf4 Qc6 19. Qd2 c4 20. Rfe1 cxd3
21. Qxd3 Nxe4 22. Qxd4 Rad8 23. Rad1 Qxc2 24. Bd2 Qc6 25. Bc3 Nxc3 26. bxc3
Rxe1+ 27. Rxe1 h6 28. Re4 Qf6 29. Qd5 Nc5 30. Qxb7 Nxb7 31. Re1 Qxc3 32. Rf1
Qf3 33. Re1 Rd1 34. Kf1 Qd3+ 35. Kg2 Rxe1 36. Kh3 Qf1+ 37. Kg4 Re4+ 38. Kf5
Nd6# 0-1

[Event "Ladder 1 U1400"]
[Site "Gatineau CAN"]
[Date "2021.11.16"]
[Round "1"]
[White "Simard, Francois"]
[Black "Lefebvre, Alain"]
[Result "1-0"]
[WhiteElo "866"]
[BlackElo "950"]
[PlyCount "61"]
[EventDate "2021.11.16"]
[EventType "swiss"]
[EventRounds "5"]
[EventCountry "CAN"]
[TimeControl "3600+30"]

1. e4 d5 2. exd5 Qxd5 3. Nc3 Qe6+ 4. Be2 Nc6 5. Nf3 Qg6 6. Nh4 Qg5 7. Nf3 Qxg2
8. Rf1 Bg4 9. Rg1 Qh3 10. d3 Bxf3 11. Bxf3 Qxh2 12. Rh1 Qe5+ 13. Be3 O-O-O 14.
Rh5 f5 15. Rxf5 Qxf5 16. Bg4 Qd7 17. Bxd7+ Rxd7 18. Qf3 Nf6 19. O-O-O Nd4 20.
Bxd4 Rxd4 21. Nb5 Ra4 22. Qg3 Nd5 23. c4 a6 24. cxd5 axb5 25. Kb1 Rd4 26. Rc1
c5 27. Rxc5+ Kd7 28. Qc7+ Ke8 29. Qc8+ Kf7 30. Qe6+ Ke8 31. Rc8# 1-0

[Event "Ladder 1 U1400"]
[Site "Gatineau CAN"]
[Date "2021.11.23"]
[Round "2"]
[White "Babchenko, Lev"]
[Black "Piche, Danielle"]
[Result "1-0"]
[WhiteElo "799"]
[BlackElo "658"]
[PlyCount "31"]
[EventDate "2021.11.16"]
[EventType "swiss"]
[EventRounds "5"]
[EventCountry "CAN"]

1. d4 Nf6 2. Nc3 Nc6 3. Bf4 d6 4. d5 e5 5. Bg5 b6 6. dxc6 h6 7. Bxf6 gxf6 8. e4
Be6 9. Nd5 Bxd5 10. Qxd5 Be7 11. Bc4 O-O 12. O-O-O a6 13. Rd3 b5 14. Rg3+ Kh8
15. Qd2 bxc4 16. Qxh6# 1-0

[Event "Ladder 1 U1400"]
[Site "Gatineau CAN"]
[Date "2021.11.23"]
[Round "2"]
[White "Fiset, Daniel"]
[Black "Arcand, Pierre"]
[Result "0-1"]
[WhiteElo "1279"]
[BlackElo "1308"]
[PlyCount "38"]
[EventDate "2021.11.16"]
[EventType "swiss"]
[EventRounds "5"]
[EventCountry "CAN"]

1. e4 e5 2. Nf3 Nc6 3. Bc4 h6 4. c3 Nf6 5. d4 exd4 6. e5 Ng8 7. cxd4 d5 8. exd6
Qxd6 9. O-O Bg4 10. Re1+ Nge7 11. Be3 O-O-O 12. Qd2 Bxf3 13. gxf3 Nxd4 14. Rd1
Nxf3+ 15. Kf1 Nxd2+ 16. Rxd2 Qxh2 17. Nc3 Rxd2 18. Bxd2 Qh1+ 19. Ke2 Qxa1 0-1

[Event "Ladder 1 U1400"]
[Site "Gatineau CAN"]
[Date "2021.11.23"]
[Round "2"]
[White "Lasalle, Eliott"]
[Black "Fong, David"]
[Result "0-1"]
[WhiteElo "1005"]
[BlackElo "944"]
[PlyCount "24"]
[EventDate "2021.11.16"]
[EventType "swiss"]
[EventRounds "5"]
[EventCountry "CAN"]

1. e4 e5 2. c4 Qh4 3. g3 Qxe4+ 4. Qe2 Qxh1 5. Qxe5+ Ne7 6. d4 Qxg1 7. Bg5 f6 8.
Bxf6 gxf6 9. Qxf6 Rg8 10. f4 Bg7 11. Qh4 Bxd4 12. Nc3 d6 0-1

[Event "Ladder 1 U1400"]
[Site "Gatineau CAN"]
[Date "2021.11.23"]
[Round "2"]
[White "Lefebvre, Alain"]
[Black "Perreault, Robert"]
[Result "0-1"]
[WhiteElo "950"]
[BlackElo "1027"]
[PlyCount "56"]
[EventDate "2021.11.16"]
[EventType "swiss"]
[EventRounds "5"]
[EventCountry "CAN"]

1. d3 g6 2. Nf3 Bg7 3. Nc3 d6 4. e4 h6 5. d4 a6 6. Bc4 e6 7. O-O Ne7 8. Qe1 b6
9. e5 d5 10. Bd3 Nd7 11. h3 Bb7 12. a3 c5 13. dxc5 bxc5 14. b4 c4 15. Be2 Nxe5
16. Qd2 N7c6 17. Bb2 O-O 18. Rab1 Qc7 19. Na4 Nxf3+ 20. Bxf3 Bxb2 21. Rxb2 Ne5
22. Qf4 Nxf3+ 23. Qxf3 d4 24. Qd1 Qc6 25. f3 Qxa4 26. Qxd4 Qxa3 27. Qc3 Qxc3
28. Rb3 cxb3 0-1

[Event "Ladder 1 U1400"]
[Site "Gatineau CAN"]
[Date "2021.11.23"]
[Round "2"]
[White "Rioux, Dany"]
[Black "Paquette, Simon"]
[Result "0-1"]
[WhiteElo "1157"]
[BlackElo "1103"]
[PlyCount "64"]
[EventDate "2021.11.16"]
[EventType "swiss"]
[EventRounds "5"]
[EventCountry "CAN"]

1. e4 e5 2. Nf3 Nc6 3. Nc3 Nf6 4. Bc4 d6 5. h3 Be7 6. O-O h6 7. d3 Nb4 8. Bd2
O-O 9. Nd5 Nbxd5 10. exd5 c5 11. Re1 Bd7 12. Qe2 b5 13. Bxb5 Bxb5 14. c4 Bd7
15. Qe3 a5 16. Rab1 Bf5 17. Bc3 e4 18. dxe4 Nxe4 19. Qf4 Nxc3 20. bxc3 Bxb1 21.
Rxb1 Rb8 22. Rxb8 Qxb8 23. Qe4 Bf6 24. Qe3 Qb1+ 25. Ne1 Qxa2 26. Qg3 Re8 27. f3
Bxc3 28. Kf1 Qxc4+ 29. Kg1 Rxe1+ 30. Qxe1 Bxe1 31. g4 Qd4+ 32. Kf1 Qf2# 0-1

[Event "Ladder 1 U1400"]
[Site "Gatineau CAN"]
[Date "2021.11.23"]
[Round "2"]
[White "Simchowitz, Wladimir"]
[Black "Simard, Paul"]
[Result "0-1"]
[WhiteElo "1200"]
[BlackElo "1311"]
[PlyCount "54"]
[EventDate "2021.11.16"]
[EventType "swiss"]
[EventRounds "5"]
[EventCountry "CAN"]

1. e4 c5 2. Nf3 d6 3. g3 Nf6 4. e5 dxe5 5. Nxe5 Nbd7 6. d4 e6 7. Bf4 Nxe5 8.
Bxe5 Be7 9. Qf3 O-O 10. Ba6 Qa5+ 11. Qc3 Qxc3+ 12. Nxc3 bxa6 13. O-O Bb7 14.
Rfe1 cxd4 15. Bxd4 Rfd8 16. Rad1 Bb4 17. a3 Ba5 18. Rd3 Bb6 19. Bxb6 Rxd3 20.
cxd3 axb6 21. Na4 Nd5 22. b4 Bc6 23. Rc1 Bxa4 24. Kf1 Bb5 25. Kg1 Bxd3 26. Rd1
Be4 27. Rc1 h6 0-1

[Event "Ladder 1 U1400"]
[Site "Gatineau CAN"]
[Date "2021.11.23"]
[Round "2"]
[White "Vachon, Jean-Clement"]
[Black "Albert, Michel"]
[Result "1-0"]
[WhiteElo "1114"]
[BlackElo "998"]
[PlyCount "73"]
[EventDate "2021.11.16"]
[EventType "swiss"]
[EventRounds "5"]
[EventCountry "CAN"]

1. d4 e6 2. Bf4 d5 3. c3 c5 4. e3 cxd4 5. exd4 Nc6 6. Nf3 Nge7 7. Bd3 Nf5 8.
Qe2 a6 9. Bxf5 Bb4 10. cxb4 O-O 11. O-O Re8 12. Bd3 Qb6 13. b5 Nxd4 14. Nxd4
Qxd4 15. Be3 Qf6 16. bxa6 Bd7 17. axb7 Rab8 18. Ba6 Bc6 19. Ba7 Bxb7 20. Bxb8
Rxb8 21. Bxb7 Rxb7 22. Nc3 Re7 23. Qa6 h6 24. Rfe1 d4 25. Nd5 Qg5 26. Nxe7+ Kh7
27. Qd3+ f5 28. Rxe6 Qf4 29. Qxf5+ Qxf5 30. Nxf5 Kg8 31. a4 Kf7 32. Nxd4 g5 33.
a5 g4 34. a6 h5 35. a7 h4 36. a8=Q g3 37. Ra7# 1-0

[Event "Ladder 1 U1400"]
[Site "Gatineau CAN"]
[Date "2021.11.30"]
[Round "3"]
[White "Albert, Michel"]
[Black "Piche, Danielle"]
[Result "0-1"]
[WhiteElo "998"]
[BlackElo "658"]
[PlyCount "76"]
[EventDate "2021.11.16"]
[EventType "swiss"]
[EventRounds "5"]
[EventCountry "CAN"]

1. d4 Nc6 2. Nf3 Nf6 3. c3 d5 4. Bf4 Bf5 5. e3 e6 6. Be2 Bd6 7. Bg3 O-O 8. Nbd2
a6 9. Ng5 Ng4 10. Bh4 Be7 11. Ndf3 Na5 12. h3 Nh6 13. Ne5 Bxg5 14. Nf3 Bxh4 15.
Ne5 Nc4 16. Nxc4 dxc4 17. Bxc4 b5 18. Be2 Bg6 19. Bf3 Rc8 20. O-O c6 21. Be4
Bxe4 22. g3 Bf6 23. f3 Bf5 24. Rf2 Bxh3 25. Rh2 Bf5 26. Kf2 Rc7 27. Qd2 Rd7 28.
Rah1 e5 29. Rh5 Bg6 30. R5h2 c5 31. Rxh6 gxh6 32. Rxh6 cxd4 33. exd4 exd4 34.
c4 bxc4 35. Rh1 Qb6 36. Kg2 Re8 37. g4 Qc6 38. Kg3 Be5+ 0-1

[Event "Ladder 1 U1400"]
[Site "Gatineau CAN"]
[Date "2021.11.30"]
[Round "3"]
[White "Arcand, Pierre"]
[Black "Fiset, Daniel"]
[Result "0-1"]
[WhiteElo "1308"]
[BlackElo "1279"]
[PlyCount "74"]
[EventDate "2021.11.16"]
[EventType "swiss"]
[EventRounds "5"]
[EventCountry "CAN"]

1. e4 d5 2. exd5 Qxd5 3. Nc3 Qa5 4. Nf3 Nf6 5. h3 Bf5 6. Be2 e6 7. O-O Be7 8.
d3 O-O 9. Bd2 c6 10. Ne4 Qc7 11. Nxf6+ Bxf6 12. Rb1 Nd7 13. Re1 Rad8 14. Bb4 c5
15. Ba3 b5 16. b3 b4 17. Bb2 a5 18. Bxf6 Nxf6 19. Nh4 Bg6 20. Nxg6 hxg6 21. Bg4
Rfe8 22. Re3 Nd5 23. Re4 Nc3 24. Qe1 f5 25. Rxe6 Qf7 26. Rxe8+ Rxe8 27. Qf1
Nxb1 28. Qxb1 fxg4 29. hxg4 Qe6 30. Kf1 Qe2+ 31. Kg1 Qe1+ 32. Qxe1 Rxe1+ 33.
Kh2 Re2 34. f3 Rxc2 35. Kg3 Rxa2 36. Kf4 a4 37. bxa4 b3 0-1

[Event "Ladder 1 U1400"]
[Site "Gatineau CAN"]
[Date "2021.11.30"]
[Round "3"]
[White "Fong, David"]
[Black "Vachon, Jean-Clement"]
[Result "0-1"]
[WhiteElo "944"]
[BlackElo "1114"]
[PlyCount "36"]
[EventDate "2021.11.16"]
[EventType "swiss"]
[EventRounds "5"]
[EventCountry "CAN"]

1. e4 d5 2. exd5 Nf6 3. c4 c6 4. dxc6 Nxc6 5. Nf3 Bf5 6. Nc3 e6 7. d3 Bc5 8. b3
Ng4 9. Ne4 Bxe4 10. Be3 Bxe3 11. Rg1 Bxf2+ 12. Kd2 Bxg1 13. Nxg1 Nge5 14. Kc3
Qd4+ 15. Kc2 Nb4+ 16. Kb1 Bxd3+ 17. Bxd3 Nexd3 18. Qd2 Qxg1+ 0-1

[Event "Ladder 1 U1400"]
[Site "Gatineau CAN"]
[Date "2021.11.30"]
[Round "3"]
[White "Hamon, Vincent"]
[Black "Simchowitz, Wladimir"]
[Result "1-0"]
[WhiteElo "1330"]
[BlackElo "1200"]
[PlyCount "28"]
[EventDate "2021.11.16"]
[EventType "swiss"]
[EventRounds "5"]
[EventCountry "CAN"]

1. d4 d6 2. Nc3 c6 3. Bf4 Nf6 4. e3 g6 5. h4 Qa5 6. h5 Nxh5 7. d5 Nf6 8. dxc6
Nxc6 9. Bh6 Bg4 10. f3 Be6 11. Bxf8 Nd5 12. Bg7 Nxc3 13. Bxc3 O-O 14. Bxa5 Nxa5
1-0

[Event "Ladder 1 U1400"]
[Site "Gatineau CAN"]
[Date "2021.11.30"]
[Round "3"]
[White "Lasalle, Eliott"]
[Black "Lavoie-Imelbaev, Damir"]
[Result "0-1"]
[WhiteElo "1005"]
[BlackElo "987"]
[PlyCount "40"]
[EventDate "2021.11.16"]
[EventType "swiss"]
[EventRounds "5"]
[EventCountry "CAN"]

1. e4 e5 2. Qh5 Nc6 3. Bc4 g6 4. Qf3 Nf6 5. b3 Bg7 6. Bb2 Nb4 7. c3 Nc2+ 8. Kd1
Nxa1 9. Bxa1 d5 10. exd5 Bg4 11. Qxg4 Nxg4 12. Nf3 Nxf2+ 13. Ke2 Nxh1 14. Ng5
Qxg5 15. d4 Qg4+ 16. Ke3 Bh6+ 17. Kd3 Qf5+ 18. Ke2 Qf2+ 19. Kd3 e4+ 20. Kxe4
Qe3# 0-1

[Event "Ladder 1 U1400"]
[Site "Gatineau CAN"]
[Date "2021.11.30"]
[Round "3"]
[White "Perreault, Robert"]
[Black "Paquette, Simon"]
[Result "1-0"]
[WhiteElo "1027"]
[BlackElo "1103"]
[PlyCount "75"]
[EventDate "2021.11.16"]
[EventType "swiss"]
[EventRounds "5"]
[EventCountry "CAN"]

1. b3 d5 2. Bb2 Nc6 3. d3 Bf5 4. e3 e5 5. g3 e4 6. d4 Nf6 7. h3 h5 8. Nd2 Bb4
9. a3 Bd6 10. c4 Qe7 11. c5 Bxc5 12. dxc5 Qxc5 13. Bxf6 gxf6 14. b4 Qc3 15. Ne2
Qe5 16. Rc1 O-O-O 17. Qc2 a6 18. Nb3 Rd6 19. Ned4 Bd7 20. b5 axb5 21. Nxb5 Re6
22. Nc5 Re7 23. Qa4 Kd8 24. Qa8+ Bc8 25. Nxb7+ Kd7 26. Nc5+ Kd8 27. Qxc6 f5 28.
Nd4 Rg8 29. Rb1 Rg6 30. Qa4 c6 31. Nxc6+ Rxc6 32. Qxc6 Rc7 33. Qb5 Ke7 34. Qb4
Kf6 35. a4 Qd6 36. Rc1 Rb7 37. Nxe4+ fxe4 38. Qxd6+ 1-0